[Event "PRO League Group Stage"]
[Site "chess.com INT"]
[Date "2019.02.06"]
[Round "5"]
[White "Guseinov, Gadir"]
[Black "Haddouche, Mohamed"]
[Result "1-0"]
[WhiteTitle "GM"]
[BlackTitle "GM"]
[WhiteElo "2664"]
[BlackElo "2489"]
[WhiteTeam "Montclair Sopranos"]
[BlackTeam "Miami Champions"]
[WhiteFideId "13401378"]
[BlackFideId "7900660"]
[EventDate "2019.01.08"]

1. e4 d6 2. d4 Nf6 3. Nc3 e5 4. Nf3 Nbd7 5. Bc4 Be7 6. O-O O-O 7. a4 c6 8. a5
Rb8 9. Re1 Qc7 10. Ba2 b5 11. axb6 axb6 12. d5 cxd5 13. Bxd5 b5 14. Nh4 b4 15.
Nf5 Nc5 16. Nxe7+ Qxe7 17. Na4 Nxa4 18. Rxa4 Nxd5 19. Qxd5 Be6 20. Qd2 b3 21.
cxb3 Bxb3 22. Ra6 Rfd8 23. Qa5 d5 24. Ra7 Qf6 25. Ra6 Qe7 26. Ra7 Qf6 27. exd5
Bxd5 28. Qc3 Qg6 29. Qg3 f6 30. Qxg6 hxg6 31. f4 e4 32. Kf2 Rdc8 33. Rd7 Bc6 34.
Rd4 f5 35. b4 Bb5 36. Bd2 Bd3 37. Ra1 Rc7 38. Ke3 Kf7 39. g3 Rb6 40. Rd5 Rcb7
41. Bc3 Rc6 42. Rc5 Rd6 43. Raa5 Rdd7 44. Rd5 Rdc7 45. Rac5 Re7 46. b5 Red7 47.
Rxd7+ Rxd7 48. b6 Ke6 49. Rc6+ Kf7 50. Bd4 Ba6 51. h4 Bb7 52. Rc5 Ke6 53. Re5+
Kf7 54. h5 Bd5 55. Bc5 Bb7 56. Bd4 Bd5 57. hxg6+ Kxg6 58. g4 fxg4 59. Rg5+ Kh6
60. Rxg4 Bb7 61. f5 Kh7 62. Rg6 Rf7 63. Rg5 Kh6 64. Kf4 Bc8 65. Be3 Bb7 66. Rg1
Kh7 67. Ke5 Kg8 68. Rg5 Re7+ 69. Kd6 Rf7 70. Ke5 Re7+ 71. Kf4 Rf7 72. Bd4 Kf8
73. Rg1 Bc8 74. Rg5 Bb7 75. Be5 Re7 76. Bd6 1-0

[Event "PRO League Group Stage"]
[Site "chess.com INT"]
[Date "2019.02.06"]
[Round "5"]
[White "Katz, Alexander"]
[Black "Smith, Daniel"]
[Result "1-0"]
[WhiteTitle "IM"]
[WhiteElo "2433"]
[BlackElo "2047"]
[WhiteTeam "Miami Champions"]
[BlackTeam "Montclair Sopranos"]
[WhiteFideId "2039796"]
[BlackFideId "2024195"]
[EventDate "2019.01.08"]

1. e4 c6 2. d4 d5 3. Nc3 dxe4 4. Nxe4 Bf5 5. Ng3 Bg6 6. h4 h6 7. Nf3 Nf6 8. Ne5
Bh7 9. f4 e6 10. Be2 Nbd7 11. O-O Qb6 12. Kh1 Rd8 13. c3 Be7 14. Qe1 c5 15. Be3
Qxb2 16. f5 Nxe5 17. Rb1 Qxa2 18. dxe5 Nd5 19. Rxb7 O-O 20. f6 gxf6 21. Bxh6
fxe5 22. Bxf8 Rxf8 23. Nh5 Bg6 24. c4 Bxh4 25. Qxh4 Qxe2 26. Ng3 Qd3 27. cxd5
exd5 28. Qg5 c4 29. Qxe5 c3 30. Rb8 c2 31. Rxf8+ Kxf8 32. Qh8+ Ke7 33. Re1+ Kd7
34. Qe8+ Kd6 35. Qd8+ Kc5 36. Qc7+ Kb4 37. Ne2 Qd2 38. Qd6+ Kb3 39. Nc1+ Kb2 40.
Qe5+ d4 41. Qb5+ Ka1 42. Qa4+ Kb2 43. Qa2+ Kc3 44. Qb3# 1-0

[Event "PRO League Group Stage"]
[Site "chess.com INT"]
[Date "2019.02.06"]
[Round "5"]
[White "Wang, Tianqi"]
[Black "Lenderman, Aleksandr"]
[Result "1-0"]
[BlackTitle "GM"]
[WhiteElo "2329"]
[BlackElo "2637"]
[WhiteTeam "Miami Champions"]
[BlackTeam "Montclair Sopranos"]
[WhiteFideId "2063824"]
[BlackFideId "2021285"]
[EventDate "2019.01.08"]

1. Nf3 g6 2. c4 Bg7 3. e3 c5 4. Be2 Nf6 5. Qc2 O-O 6. b3 b6 7. Bb2 Bb7 8. d3 d5
9. cxd5 Qxd5 10. O-O Nc6 11. a3 Rac8 12. Nbd2 Rfd8 13. Rfd1 Qd7 14. Rac1 e6 15.
Bf1 Qe7 16. Qb1 e5 17. h3 Nd5 18. Ne4 h6 19. Nc3 Nc7 20. Ba1 Ne6 21. Na2 a5 22.
Bc3 Ncd4 23. Nd2 Nb5 24. Bb2 Nd6 25. Nc3 b5 26. Nde4 Bc6 27. Nxd6 Qxd6 28. Ne4
Qe7 29. Qa1 f5 30. Nd2 Ng5 31. a4 bxa4 32. bxa4 Bd5 33. Rc2 e4 34. dxe4 Bxb2 35.
Qxb2 Nxe4 36. Nxe4 Bxe4 37. Bc4+ Kh7 38. Rcd2 Rxd2 39. Rxd2 Bc6 40. Qc3 Qe4 41.
f3 Qe7 42. Kf2 Bxa4 43. Ba6 Re8 44. Re2 Qh4+ 45. Kf1 Qb4 46. Qf6 Bb3 47. g4 f4
48. Bd3 Rg8 49. exf4 Rg7 50. Bxg6+ Kh8 51. Re8+ Bg8 52. Rxg8+ Kxg8 53. Qd8# 1-0

[Event "PRO League Group Stage"]
[Site "chess.com INT"]
[Date "2019.02.06"]
[Round "5"]
[White "Robson, Ray"]
[Black "Thavandiran, Shiyam"]
[Result "1-0"]
[WhiteTitle "GM"]
[BlackTitle "IM"]
[WhiteElo "2667"]
[BlackElo "2410"]
[WhiteTeam "Webster Windmills"]
[BlackTeam "Montreal Chessbrahs"]
[WhiteFideId "2023970"]
[BlackFideId "2605058"]
[EventDate "2019.01.08"]

1. e4 c6 2. d4 d5 3. e5 Bf5 4. Nf3 e6 5. Be2 Ne7 6. c3 Ng6 7. O-O Be7 8. Ne1 h5
9. Bxh5 Bg5 10. f4 Bxf4 11. Bxf4 Nxf4 12. Rxf4 Qg5 13. Rxf5 exf5 14. Be2 Qe3+
15. Kh1 Qg3 16. Nf3 Nd7 17. Bd3 Qg4 18. Nbd2 O-O-O 19. Nf1 Rh5 20. Ng1 Qh4 21.
Qe1 Qg5 22. Ng3 1-0

[Event "PRO League Group Stage"]
[Site "chess.com INT"]
[Date "2019.02.06"]
[Round "5"]
[White "Durarbayli, Vasif"]
[Black "Sai, Krishna G V"]
[Result "1-0"]
[WhiteTitle "GM"]
[BlackTitle "IM"]
[WhiteElo "2620"]
[BlackElo "2409"]
[WhiteTeam "Webster Windmills"]
[BlackTeam "Montreal Chessbrahs"]
[WhiteFideId "13402935"]
[BlackFideId "5028280"]
[EventDate "2019.01.08"]

1. d4 Nf6 2. c4 g6 3. Nf3 Bg7 4. g3 d6 5. Bg2 O-O 6. O-O Nc6 7. Nc3 a6 8. d5 Na5
9. Nd2 c5 10. Qc2 Rb8 11. b3 b5 12. Bb2 Bd7 13. Rab1 bxc4 14. bxc4 Ng4 15. h3
Ne5 16. Nd1 Rb4 17. Ne3 Ba4 18. Qc1 Qb6 19. Bc3 Rxb1 20. Nxb1 Bh6 21. Qa3 Bxe3
22. Qxa4 Naxc4 23. Bxe5 Bxf2+ 24. Rxf2 Nxe5 25. Qb3 Qa7 26. Nd2 c4 27. Qc3 Rb8
28. Be4 Qb6 29. Nf3 Nxf3+ 30. Qxf3 f5 31. Bc2 Qb2 32. e4 Qc1+ 33. Kg2 Rb2 34.
Qd1 Qe3 35. exf5 Rxa2 36. fxg6 hxg6 37. Qg4 Qxf2+ 38. Kxf2 Rxc2+ 39. Ke3 Kh7 40.
Qh4+ Kg8 41. Qxe7 Rc3+ 42. Kf4 1-0

[Event "PRO League Group Stage"]
[Site "chess.com INT"]
[Date "2019.02.06"]
[Round "5"]
[White "Saric, Ivan"]
[Black "Shimanov, Aleksandr"]
[Result "1-0"]
[WhiteTitle "GM"]
[BlackTitle "GM"]
[WhiteElo "2690"]
[BlackElo "2610"]
[WhiteTeam "Montreal Chessbrahs"]
[BlackTeam "Webster Windmills"]
[WhiteFideId "14508150"]
[BlackFideId "4198603"]
[EventDate "2019.01.08"]

1. e4 c6 2. d4 d5 3. Nc3 dxe4 4. Nxe4 Nf6 5. Nxf6+ exf6 6. c3 Bd6 7. Bd3 O-O 8.
Qc2 Re8+ 9. Ne2 h5 10. h3 Nd7 11. g4 h4 12. Be3 Nf8 13. c4 Bb4+ 14. Kf1 b5 15.
b3 bxc4 16. bxc4 Bd6 17. Rb1 Qc7 18. Kg2 Ne6 19. Rhe1 Bd7 20. c5 Bf4 21. Nxf4
Nxf4+ 22. Bxf4 Qxf4 23. Bh7+ Kf8 24. Re4 Rxe4 25. Qxe4 Qc7 26. Qf3 Be6 27. Be4
Rd8 28. Rb4 Bd5 29. Bxd5 Rxd5 30. Qb3 g5 31. Rb7 Qf4 32. Qe3 Qxe3 33. fxe3 f5
34. gxf5 Rxf5 35. Rxa7 Rf6 36. Rb7 Re6 37. Rb3 f5 38. a4 Re7 39. a5 Ra7 40. Ra3
Kf7 41. Kf3 Ke6 42. e4 Ra6 43. Ra2 Kf6 44. d5 Ke5 45. d6 fxe4+ 46. Ke3 g4 47.
hxg4 h3 48. d7 Ra8 49. Rd2 Rd8 50. a6 Ke6 51. a7 Ke5 52. a8=Q 1-0

[Event "PRO League Group Stage"]
[Site "chess.com INT"]
[Date "2019.02.06"]
[Round "5"]
[White "Noritsyn, Nikolay"]
[Black "Grabinsky, Joshua"]
[Result "1-0"]
[WhiteTitle "IM"]
[BlackTitle "CM"]
[WhiteElo "2484"]
[BlackElo "2078"]
[WhiteTeam "Montreal Chessbrahs"]
[BlackTeam "Webster Windmills"]
[WhiteFideId "2604922"]
[BlackFideId "30919754"]
[EventDate "2019.01.08"]

1. d4 Nf6 2. Nf3 e6 3. c4 d5 4. Nc3 Be7 5. Bg5 dxc4 6. e3 b6 7. Bxc4 Bb7 8. O-O
O-O 9. Qe2 Ne4 10. Nxe4 Bxe4 11. Bf4 Nd7 12. Rac1 c5 13. Rfd1 cxd4 14. Nxd4 e5
15. Ne6 fxe6 16. Bxe6+ Kh8 17. Rxd7 Qe8 18. Bxe5 Qg6 19. Qg4 Bf6 20. Qxg6 Bxg6
21. Bxf6 Rxf6 22. Bd5 Raf8 23. f3 a5 24. Rcc7 Rf5 25. e4 Rg5 26. Rxg7 b5 27. Kf2
b4 28. h4 Re5 29. g4 Rxd5 30. exd5 Be4 31. Ke3 Bb1 32. a3 b3 33. Rge7 Rd8 34. d6
Bg6 35. d7 Kg8 36. Rc8 Kf8 37. Re5 1-0

[Event "PRO League Group Stage"]
[Site "chess.com INT"]
[Date "2019.02.06"]
[Round "5"]
[White "Edouard, Romain"]
[Black "Postny, Evgeny"]
[Result "0-1"]
[WhiteTitle "GM"]
[BlackTitle "GM"]
[WhiteElo "2643"]
[BlackElo "2623"]
[WhiteTeam "London Lions"]
[BlackTeam "Pittsburgh Pawngrabbers"]
[WhiteFideId "633429"]
[BlackFideId "2804344"]
[EventDate "2019.01.08"]

1. Nf3 d5 2. b3 c5 3. Bb2 Nc6 4. e3 Nf6 5. Bb5 e6 6. O-O Bd7 7. Bxc6 Bxc6 8. Ne5
Qc7 9. f4 Rd8 10. d3 d4 11. c4 Nd7 12. exd4 Nxe5 13. fxe5 cxd4 14. Qe2 g6 15.
Ba3 Bh6 16. Bc1 Be3+ 17. Bxe3 Qxe5 18. Qf2 Qxe3 19. Na3 Qxf2+ 20. Rxf2 Ke7 21.
Re1 f6 22. Nc2 e5 23. Rf4 Rd7 24. Rxd4 Rxd4 25. Nxd4 Rd8 26. Nxc6+ bxc6 27. Rd1
c5 28. Kf2 Ke6 29. Ke3 f5 30. Rb1 a5 31. h4 f4+ 32. Ke2 Kf5 33. Re1 Kg4 34. Kf2
Rxd3 35. Rxe5 Rd2+ 36. Kg1 Kxh4 37. Rxc5 Rxa2 38. Rd5 g5 39. Rd3 g4 40. Rc3 g3
41. Rc1 Rb2 42. c5 Rxb3 43. c6 Rb8 44. Kf1 Kg4 45. Ke2 h5 46. Kd3 h4 47. c7 Rc8
48. Ke4 a4 49. Ke5 a3 50. Rc4 Re8+ 51. Kd6 a2 52. Ra4 h3 53. gxh3+ Kxh3 54. Rxa2
f3 55. Rb2 Rc8 56. Rb8 Rxc7 57. Kxc7 f2 58. Rf8 Kg2 0-1

[Event "PRO League Group Stage"]
[Site "chess.com INT"]
[Date "2019.02.07"]
[Round "5"]
[White "Movsesian, Sergei"]
[Black "Erenburg, Sergey"]
[Result "0-1"]
[WhiteTitle "GM"]
[BlackTitle "GM"]
[WhiteElo "2629"]
[BlackElo "2589"]
[WhiteTeam "London Lions"]
[BlackTeam "Pittsburgh Pawngrabbers"]
[WhiteFideId "310204"]
[BlackFideId "2805642"]
[EventDate "2019.01.08"]

1. e4 c6 2. d4 d5 3. Nc3 dxe4 4. Nxe4 Bf5 5. Ng3 Bg6 6. h4 h6 7. f4 e6 8. Nf3
Nd7 9. h5 Bh7 10. Bd3 Bxd3 11. Qxd3 Ngf6 12. Bd2 Qc7 13. O-O-O Bd6 14. Ne5 O-O
15. Ne4 Nxe4 16. Qxe4 f5 17. Qe2 Nf6 18. g4 Bxe5 19. dxe5 Nxg4 20. Bb4 c5 21.
Be1 Rad8 22. Bh4 Rd4 23. Rxd4 cxd4 24. Rd1 Qf7 25. Rxd4 Qxh5 26. Be7 Rc8 27. c3
Qh1+ 28. Kc2 h5 29. Kb3 a6 30. Qd3 Kh7 31. Rd7 Nf2 32. Qe2 Ne4 33. Ka3 Kg8 34.
Qd3 Qc1 35. Bb4 Qxf4 36. Rxg7+ Kxg7 37. Qd7+ Kg6 38. Qxc8 Qxe5 39. Qg8+ Qg7 40.
Qxe6+ Kg5 41. Qb6 h4 42. Qg1+ Ng3 43. Bd6 f4 44. Qg2 Kg4 45. Qd5 Qf6 46. Qg8+
Kh3 47. Qc8+ Kh2 48. Bc5 f3 49. Qg4 Kg2 50. Bd4 Qe7+ 51. b4 f2 52. Bxf2 Kxf2 53.
Qh3 Kf3 54. Kb2 Qe2+ 55. Kb3 Qe4 56. Qd7 Kg2 57. Qd2+ Qe2 58. Qd5+ Qf3 59. Qd2+
Ne2 60. Qg5+ Qg3 61. Qd5+ Kf2 62. Qxb7 Qxc3+ 63. Ka4 Qc2+ 64. Ka3 Qd3+ 65. Ka4
Qb5+ 0-1

[Event "PRO League Group Stage"]
[Site "chess.com INT"]
[Date "2019.02.07"]
[Round "5"]
[White "Brattain, Mika"]
[Black "Roberson, Peter T"]
[Result "1/2-1/2"]
[BlackTitle "IM"]
[WhiteElo "2411"]
[BlackElo "2420"]
[WhiteTeam "Pittsburgh Pawngrabbers"]
[BlackTeam "London Lions"]
[WhiteFideId "2071142"]
[BlackFideId "412384"]
[EventDate "2019.01.08"]

1. Nf3 d6 2. d4 Bg4 3. e4 Nf6 4. Nbd2 e6 5. Bd3 d5 6. exd5 exd5 7. O-O Be7 8.
Re1 O-O 9. Nf1 Re8 10. Ng3 Bf8 11. Rxe8 Qxe8 12. h3 Bxf3 13. Qxf3 Qe1+ 14. Bf1
Nc6 15. c3 Re8 16. b3 Ne4 17. Nxe4 Rxe4 18. Bb2 Qd2 19. Rb1 Ne7 20. Qd3 Qg5 21.
g3 Qg6 22. Qc2 Nf5 23. Qd3 h5 24. Bg2 Nxg3 25. Qxg3 Rg4 26. hxg4 Qxb1+ 27. Bf1
hxg4 28. Qxc7 Qxb2 29. Qxb7 Qxc3 30. Qxd5 g3 31. fxg3 Qxg3+ 32. Qg2 Qc3 33. Qe4
Qg3+ 34. Bg2 g6 35. Kf1 Qc3 36. Kg1 Qa1+ 37. Bf1 Qxa2 38. Bc4 Qa1+ 39. Kg2 Qb2+
40. Kg1 Qc1+ 41. Kg2 Qd2+ 42. Kf1 Qc1+ 43. Ke2 Qg5 44. Qe8 Qf6 45. Kd3 Kg7 46.
Qd7 a5 47. Qb5 Bb4 48. Qe5 Bd6 49. Qxa5 Qf1+ 50. Kc2 Qf2+ 51. Qd2 Qxd2+ 52. Kxd2
f5 53. Ke3 Kf6 54. Bd5 g5 55. Bg2 g4 56. Bd5 Kg5 57. Bc6 Kh4 58. Kf2 f4 59. Kg2
Bb4 60. Bd5 Bc3 61. Be4 Bxd4 62. Bd5 Bb6 63. Be4 Kg5 64. b4 Kf6 65. b5 Bc7 66.
Bc6 Kg5 67. Bb7 Bd8 68. Bc6 Kf5 69. Bd7+ Kg5 70. Bc6 Bc7 71. Bb7 Bb6 72. Bc6 Bc5
73. Bb7 Bb6 74. Bc6 Bc7 75. Bb7 Ba5 76. Bc6 Bd8 77. Bb7 Kf6 78. Bc8 Kg5 79. Bb7
Bc7 80. Bc6 Kf5 81. Bd7+ Kg5 82. Bc6 Kf6 83. Bb7 Ke5 84. Bc8 f3+ 85. Kg3 Kd4+
86. Kf2 Ke4 87. Bxg4 Bb6+ 88. Kf1 f2 89. Be2 Ke3 90. Bg4 Kd4 91. Kxf2 Kc4+ 92.
Kg3 Kxb5 93. Kf3 Bc7 94. Bf5 Kc5 95. Be4 Kd4 96. Bc6 Kc5 97. Be4 Bf4 98. Kxf4 1/2-1/2

[Event "PRO League Group Stage"]
[Site "chess.com INT"]
[Date "2019.02.07"]
[Round "5"]
[White "Heimann, Mark"]
[Black "Toma, Katarzyna"]
[Result "1-0"]
[WhiteTitle "FM"]
[BlackTitle "WGM"]
[WhiteElo "2367"]
[BlackElo "2173"]
[WhiteTeam "Pittsburgh Pawngrabbers"]
[BlackTeam "London Lions"]
[WhiteFideId "2028441"]
[BlackFideId "1119907"]
[EventDate "2019.01.08"]

1. e4 c5 2. Nf3 Nc6 3. Bb5 g6 4. Bxc6 dxc6 5. d3 Bg7 6. Nc3 e5 7. Be3 Qe7 8. Qd2
Nf6 9. Bh6 Bxh6 10. Qxh6 Nd7 11. Qg7 Qf8 12. Qxf8+ Kxf8 13. Nd2 Ke7 14. O-O Nf8
15. Nc4 f6 16. f4 exf4 17. Rxf4 Ne6 18. Rf2 Nd4 19. Raf1 Be6 20. Ne3 Rhf8 21.
Re1 b6 22. Ne2 Rad8 23. Nf4 Rd7 24. Ned5+ cxd5 25. exd5 Kd6 26. Nxe6 Re7 27.
Ref1 Nxe6 28. dxe6 Rxe6 29. g4 Ke7 30. Kg2 Rd8 31. Rf4 Rd5 32. R1f2 h5 33. h3 h4
34. a3 Rde5 35. b4 Re3 36. R4f3 Rxf3 37. Kxf3 Kd6 38. Rf1 Kd5 39. c3 c4 40. d4
b5 41. Ra1 Ra6 42. Kf4 Re6 43. a4 a6 44. axb5 axb5 45. Ra5 Rb6 46. Ra8 Rb7 47.
Rg8 Ra7 48. Rxg6 Ra3 49. Rxf6 Rxc3 50. Rf5+ Kxd4 51. Rxb5 Rxh3 52. g5 c3 53. Rc5
Kd3 54. b5 Kd2 55. b6 c2 56. g6 c1=Q 57. Rxc1 Kxc1 58. b7 Rb3 59. g7 Rb4+ 60.
Kf3 Rb3+ 61. Kg2 Rg3+ 62. Kh2 Rxg7 63. b8=Q Rg3 64. Qf4+ Kd1 65. Qxh4 Rd3 66.
Qg4+ Kc2 67. Kg2 Rd2+ 68. Kf3 Rd3+ 69. Ke2 Rd2+ 70. Ke1 Rd3 71. Qe4 Kc3 72. Ke2
Rd2+ 73. Ke3 1-0

[Event "PRO League Group Stage"]
[Site "chess.com INT"]
[Date "2019.02.07"]
[Round "5"]
[White "Azarov, Sergei"]
[Black "Caruana, Fabiano"]
[Result "0-1"]
[WhiteTitle "GM"]
[BlackTitle "GM"]
[WhiteElo "2575"]
[BlackElo "2828"]
[WhiteTeam "New York Marshalls"]
[BlackTeam "Saint Louis Arch Bishops"]
[WhiteFideId "13501470"]
[BlackFideId "2020009"]
[EventDate "2019.01.08"]

1. e4 c5 2. Nf3 e6 3. d4 cxd4 4. Nxd4 a6 5. Be2 b6 6. O-O Bb7 7. Nc3 Bc5 8. Qd3
Qc7 9. a4 Nf6 10. Bg5 Nc6 11. Nxc6 Bxc6 12. Rad1 h5 13. Bh4 Qb7 14. Bf3 Ng4 15.
Bg3 Rd8 16. Nb5 axb5 17. axb5 Bxe4 18. Bxe4 d5 19. c4 h4 20. Bf4 Nf6 21. Bg5
Nxe4 22. Qxe4 Be7 23. Qg4 O-O 24. Qxh4 Bxg5 25. Qxg5 d4 26. Rd3 f6 27. Qg6 Qf7
28. Qe4 e5 29. b3 Rfe8 30. Rfd1 f5 31. Qe2 Qf6 32. Qd2 Rd7 33. b4 Red8 34. c5 e4
35. c6 Rd5 36. c7 exd3 37. cxd8=Q+ Rxd8 38. Qxd3 Qe5 39. g3 Qe4 40. Qc4+ Kh7 41.
Qc7 Qe2 42. Rf1 Re8 43. Qd7 d3 44. Qxf5+ Kh8 45. g4 Re5 46. Qc8+ Kh7 47. h3 d2
48. Qc2+ Kh8 49. Qb1 Qf3 50. Qc2 Qe2 51. Qb1 Rd5 52. Qd1 Qxb5 53. Kg2 Rd8 54. f3
Qxb4 55. h4 Qd4 56. h5 b5 57. Rh1 b4 58. h6 g6 59. Qe2 b3 60. Qe7 d1=Q 61. Rxd1
Qb2+ 62. Kg3 Rxd1 63. Qe8+ Kh7 64. Qe7+ Kxh6 65. Qf8+ Qg7 66. Qf4+ Kh7 67. g5
Rh1 68. Kg2 Rh5 0-1

[Event "PRO League Group Stage"]
[Site "chess.com INT"]
[Date "2019.02.07"]
[Round "5"]
[White "Niemann, Hans"]
[Black "Xu, Grant"]
[Result "0-1"]
[WhiteTitle "IM"]
[WhiteElo "2466"]
[BlackElo "2207"]
[WhiteTeam "Saint Louis Arch Bishops"]
[BlackTeam "New York Marshalls"]
[WhiteFideId "2093596"]
[BlackFideId "2052318"]
[EventDate "2019.01.08"]

1. d4 e6 2. e4 d5 3. Nc3 Bb4 4. e5 c5 5. a3 Bxc3+ 6. bxc3 Ne7 7. h4 Qa5 8. Bd2
Nbc6 9. a4 Bd7 10. Nf3 Qc7 11. h5 h6 12. Bd3 O-O-O 13. Rh4 c4 14. Be2 Rdf8 15.
Rg4 Rhg8 16. Kf1 Nf5 17. a5 Nxa5 18. Bc1 f6 19. Ba3 Re8 20. Bc1 Nc6 21. Bf4 Qb6
22. Qc1 g5 23. Bh2 Rgf8 24. Kg1 Ng7 25. exf6 Nxh5 26. Rb1 Qa6 27. Ra1 Qb6 28.
Qa3 Nxf6 29. Rg3 Nh5 30. Rh3 Nf4 31. Bxf4 Rxf4 32. Rxh6 g4 33. Nh2 e5 34. Qd6 g3
35. fxg3 Nxd4 36. Qxb6 Nxe2+ 37. Kh1 Nxg3+ 38. Kg1 Ne2+ 39. Kh1 axb6 40. Nf3 Kc7
41. Rh7 Nxc3 42. Re1 Re4 43. Rf1 Ne2 44. Kh2 Rg8 45. Rf2 Nf4 46. Nxe5 Rxe5 47.
Rxf4 Kd6 48. Rf6+ Re6 49. Rxe6+ Kxe6 50. Rh6+ Ke5 51. Rxb6 Bc6 0-1

[Event "PRO League Group Stage"]
[Site "chess.com INT"]
[Date "2019.02.06"]
[Round "5"]
[White "Rosenthal, Nicholas"]
[Black "Khamrakulov, Djurabek"]
[Result "0-1"]
[BlackTitle "GM"]
[WhiteElo "2180"]
[BlackElo "2503"]
[WhiteTeam "Saint Louis Arch Bishops"]
[BlackTeam "New York Marshalls"]
[WhiteFideId "2045150"]
[BlackFideId "14201143"]
[EventDate "2019.01.08"]

1. e4 c6 2. Nc3 d5 3. Nf3 Bg4 4. h3 Bxf3 5. Qxf3 e6 6. d4 dxe4 7. Qxe4 Nf6 8.
Qd3 Na6 9. Bg5 Nb4 10. Qd2 Qxd4 11. O-O-O Qxd2+ 12. Rxd2 Nbd5 13. Nxd5 Nxd5 14.
c4 Be7 15. h4 h6 16. Be3 Nxe3 17. fxe3 Bc5 18. Rd3 Ke7 19. Kd2 f5 20. a3 a5 21.
h5 e5 22. g4 f4 23. exf4 exf4 24. Bg2 Rad8 25. Be4 Kf6 26. Rf1 Kg5 27. Bf5 Be3+
28. Kc2 Rxd3 29. Kxd3 Rd8+ 30. Kc3 Rd2 31. b4 axb4+ 32. axb4 Kh4 33. Bc8 b6 34.
Bf5 Kg3 35. Be4 c5 36. bxc5 bxc5 37. Bf3 Rf2 38. Rxf2 Bxf2 39. Bd1 f3 40. Kd3
Bd4 41. Ke4 f2 42. Be2 Kg2 43. g5 hxg5 44. Kf5 f1=Q+ 45. Bxf1+ Kxf1 0-1

[Event "PRO League Group Stage"]
[Site "chess.com INT"]
[Date "2019.02.07"]
[Round "5"]
[White "Moranda, Wojciech"]
[Black "So, Wesley"]
[Result "1/2-1/2"]
[WhiteTitle "GM"]
[BlackTitle "GM"]
[WhiteElo "2593"]
[BlackElo "2765"]
[WhiteTeam "New York Marshalls"]
[BlackTeam "Saint Louis Arch Bishops"]
[WhiteFideId "1122401"]
[BlackFideId "5202213"]
[EventDate "2019.01.08"]

1. d4 Nf6 2. c4 g6 3. Nc3 d5 4. Bf4 Bg7 5. e3 c5 6. dxc5 Qa5 7. Rc1 dxc4 8. Bxc4
O-O 9. Nf3 Qxc5 10. Bb3 Bg4 11. O-O Qh5 12. h3 Bxf3 13. Qxf3 Qxf3 14. gxf3 Nc6
15. Rfd1 Rfd8 16. Ba4 Nh5 17. Bh2 Ne5 18. Bxe5 Bxe5 19. f4 Bg7 20. Ne4 Nf6 21.
Nc5 b6 22. Nd3 Rac8 23. Rxc8 Rxc8 24. Ne5 e6 25. Bb3 Kf8 26. Kg2 Ke7 27. Kf3 a6
28. a4 b5 29. axb5 axb5 30. Rd4 Rc7 31. Rb4 Rc5 32. Rd4 h6 33. Rd1 Rc7 34. Ra1
Ne8 35. Nd3 Nd6 36. Ra5 Rb7 37. Nc5 Rc7 38. Nd3 g5 39. fxg5 hxg5 40. Ra1 f5 41.
Ke2 Bf6 42. Ra6 Nc4 43. f4 Kf7 44. fxg5 Bxg5 45. Bxc4 bxc4 46. Ne5+ Ke7 47. Nc6+
Kf7 48. Nd4 Bf6 49. Nxe6 Rb7 50. Nd4 Rxb2+ 51. Kf3 Bxd4 52. exd4 Rd2 53. Kf4 c3
54. Kxf5 Rxd4 55. Rc6 Rd3 56. h4 Rh3 57. Kg4 Rd3 58. Kf5 Rh3 59. Kg4 Rd3 60. Kf5
Rh3 1/2-1/2

[Event "PRO League Group Stage"]
[Site "chess.com INT"]
[Date "2019.02.07"]
[Round "5"]
[White "Iturrizaga Bonelli, Eduardo"]
[Black "Guseinov, Gadir"]
[Result "1/2-1/2"]
[WhiteTitle "GM"]
[BlackTitle "GM"]
[WhiteElo "2637"]
[BlackElo "2664"]
[WhiteTeam "Miami Champions"]
[BlackTeam "Montclair Sopranos"]
[WhiteFideId "3901211"]
[BlackFideId "13401378"]
[EventDate "2019.01.08"]

1. c4 g6 2. Nc3 Bg7 3. g3 Nf6 4. Bg2 O-O 5. d4 d6 6. e4 Nc6 7. Nge2 e5 8. d5 Nd4
9. O-O Nxe2+ 10. Qxe2 Kh8 11. Rb1 Bg4 12. f3 Bd7 13. b4 Ng8 14. a4 f5 15. exf5
gxf5 16. Bd2 Ne7 17. a5 Ng6 18. b5 b6 19. Ra1 Qe7 20. Ra3 Rae8 21. axb6 axb6 22.
Ra7 Qd8 23. Kh1 Qb8 24. Rfa1 Qd8 25. Rb7 Bc8 26. Rb8 Qf6 27. Ra7 Re7 28. Raa8
Ree8 29. Ra7 Re7 30. Qd1 e4 31. f4 Qd4 32. Qe2 e3 33. Be1 Kg8 34. Bf3 Qc5 35.
Na2 Bd7 36. Rxf8+ Bxf8 37. Nb4 Be8 38. Na6 Qd4 39. Rxc7 Rxc7 40. Nxc7 Bf7 41.
Na6 Bh6 42. Nb4 Bg7 43. Nc2 Qb2 44. Nxe3 Qc1 45. Qd2 Qb1 46. Qd1 Qa2 47. Nxf5
Qxc4 48. Bf2 Bf8 49. Bxb6 Qxb5 50. Bf2 Qb2 51. Kg2 h5 52. Qd4 Qc2 53. Qe4 Qd2
54. h4 Qb2 55. Qd4 Qc2 56. Qf6 Qd3 57. Nxd6 Bxd5 58. Qxg6+ Qxg6 59. Bxd5+ Kh8
60. Nf7+ Kh7 61. Ng5+ Kh8 62. Nf7+ Kh7 63. Ne5 Qb1 64. Bf3 Bg7 65. Nf7 Qb5 66.
Ng5+ Kh6 67. Be4 Bf6 68. Nf7+ Kg7 69. Ng5 Qb2 70. Nf3 Kh6 71. Bf5 Qa2 72. Be4
Bd8 73. Nd4 Bf6 74. Nf5+ Kg6 1/2-1/2

[Event "PRO League Group Stage"]
[Site "chess.com INT"]
[Date "2019.02.07"]
[Round "5"]
[White "Haddouche, Mohamed"]
[Black "Sevian, Samuel"]
[Result "0-1"]
[WhiteTitle "GM"]
[BlackTitle "GM"]
[WhiteElo "2489"]
[BlackElo "2647"]
[WhiteTeam "Miami Champions"]
[BlackTeam "Montclair Sopranos"]
[WhiteFideId "7900660"]
[BlackFideId "2040506"]
[EventDate "2019.01.08"]

1. e4 e5 2. Nf3 Nc6 3. Bc4 Bc5 4. O-O Nf6 5. d3 O-O 6. h3 h6 7. c3 d6 8. Re1 a6
9. Bb3 Re8 10. Nbd2 Be6 11. Bc2 d5 12. exd5 Bxd5 13. b4 Ba7 14. a4 b5 15. Bb2
Bb6 16. Rc1 Qd7 17. Ne4 Nh7 18. Ng3 Rad8 19. axb5 axb5 20. Qe2 Re6 21. Nd2 Rf6
22. Nde4 Rg6 23. d4 Bc4 24. Qf3 exd4 25. Nc5 Bxc5 26. Bxg6 Ng5 27. Qg4 Qxg4 28.
hxg4 fxg6 29. bxc5 d3 30. Rcd1 d2 31. Re2 Bxe2 32. Nxe2 Na5 33. Nd4 Nc4 34. Ba1
Ne4 35. c6 Re8 0-1

[Event "PRO League Group Stage"]
[Site "chess.com INT"]
[Date "2019.02.07"]
[Round "5"]
[White "Lenderman, Aleksandr"]
[Black "Katz, Alexander"]
[Result "1-0"]
[WhiteTitle "GM"]
[BlackTitle "IM"]
[WhiteElo "2637"]
[BlackElo "2433"]
[WhiteTeam "Montclair Sopranos"]
[BlackTeam "Miami Champions"]
[WhiteFideId "2021285"]
[BlackFideId "2039796"]
[EventDate "2019.01.08"]

1. d4 Nf6 2. c4 e6 3. Nc3 Bb4 4. Qc2 Nc6 5. Nf3 d6 6. Bd2 O-O 7. a3 Bxc3 8. Bxc3
Qe7 9. e4 e5 10. d5 Nb8 11. Be2 a5 12. b3 Na6 13. O-O Nh5 14. g3 f5 15. Nxe5 Nf6
16. Nd3 fxe4 17. Nf4 Bf5 18. b4 Ng4 19. Qd1 Ne5 20. Qd4 Rae8 21. Rae1 g5 22. Ne6
axb4 23. axb4 c5 24. bxc5 Nxc5 25. Nxf8 Rxf8 26. Ra1 Nb3 27. Qe3 Nxa1 28. Rxa1
h6 29. Rb1 Rc8 30. Bxe5 Qxe5 31. Rxb7 Bh3 32. Rb1 Ra8 33. Bf1 Ra1 34. Qc1 Rxb1
35. Qxb1 Bxf1 36. Kxf1 Qd4 37. Qc2 Kg7 38. Qe2 Kf6 39. Kg2 Kg6 40. Qg4 Qd3 41.
Qe6+ Kg7 42. Qe7+ Kg8 43. Qf6 Qxc4 44. Qg6+ Kf8 45. Qxh6+ Ke8 46. Qe6+ Kf8 47.
Qxd6+ Kg7 48. Qe5+ Kg6 49. Qe6+ Kg7 50. Qf5 Qd3 51. Qxg5+ Kf7 52. Qf5+ Kg7 53.
h4 Kh6 54. h5 Kg7 55. g4 Qe2 56. d6 Qd3 57. d7 1-0